|
|
|
|
| LEADER |
00000nam0a2200000 4500 |
| 001 |
38919 |
| 005 |
20231031010924.0 |
| 035 |
|
|
|a (RuTPU)RU\TPU\book\39751
|
| 090 |
|
|
|a 38919
|
| 100 |
|
|
|a 20020320d1991 m y0rusy50 ca
|
| 101 |
2 |
|
|a rus
|a fre
|
| 102 |
|
|
|a RU
|
| 105 |
|
|
|a a z 000gy
|
| 200 |
1 |
|
|a Лирика средневековой Франции
|d Lyrique Francaise Medievale
|e На французском и русском языках
|f сост.: О. Смолицкая; А. Парин
|
| 210 |
|
|
|a Москва
|c Книга
|d 1991
|
| 215 |
|
|
|a 476 с.
|c ил.
|
| 610 |
1 |
|
|a лирика
|
| 610 |
1 |
|
|a стихотворения
|
| 610 |
1 |
|
|a Франция
|
| 686 |
|
|
|a Ч611.68
|v LBC/SL-A
|2 rubbk
|
| 702 |
|
1 |
|a Смолицкая
|b О.
|4 220
|
| 702 |
|
1 |
|a Парин
|b А.
|4 220
|
| 801 |
|
1 |
|a RU
|b 63413507
|c 20020320
|g PSBO
|
| 801 |
|
2 |
|a RU
|b 63413507
|c 20111130
|g PSBO
|
| 942 |
|
|
|c BK
|